[Event "2025 National K-12 Grade Championship"]
[Site "Spokane, WI USA, United States"]
[Date "2025.12.13"]
[Round "5.25"]
[White "Kwan, Wesley"]
[Black "Samanta, Aayansh"]
[Result "0-1"]
[TimeControl "G/90; d10"]
[WhiteFideId "39977749"]
[BlackFideId "39923290"]
[WhiteElo "1778"]
[BlackElo "2093"]

1. e4 {[%clk 01:30:00]} {[%emt 00:00:03]} c5 {[%clk 01:30:00]} {[%emt
00:00:07]} 2. c3 {[%clk 01:30:00]} {[%emt 00:00:05]} d5 {[%clk 01:30:00]}
{[%emt 00:00:03]} 3. exd5 {[%clk 01:30:00]} {[%emt 00:00:05]} Qxd5 {[%clk
01:30:00]} {[%emt 00:00:05]} 4. d4 {[%clk 01:30:00]} {[%emt 00:00:06]} e6
{[%clk 01:30:00]} {[%emt 00:00:05]} 5. Nf3 {[%clk 01:30:00]} {[%emt 00:00:06]}
a6 {[%clk 01:30:00]} {[%emt 00:00:04]} 6. Be2 {[%clk 01:29:27]} {[%emt
00:00:43]} cxd4 {[%clk 01:30:00]} {[%emt 00:00:05]} 7. cxd4 {[%clk 01:29:24]}
{[%emt 00:00:14]} Nf6 {[%clk 01:30:00]} {[%emt 00:00:04]} 8. Nc3 {[%clk
01:29:16]} {[%emt 00:00:17]} Qd6 {[%clk 01:30:00]} {[%emt 00:00:06]} 9. O-O
{[%clk 01:28:32]} {[%emt 00:00:54]} Nc6 {[%clk 01:30:00]} {[%emt 00:00:09]} 10.
Bg5 {[%clk 01:19:32]} {[%emt 00:09:09]} Be7 {[%clk 01:30:00]} {[%emt 00:00:08]}
11. Bxf6 {[%clk 01:16:12]} {[%emt 00:03:29]} Bxf6 {[%clk 01:30:00]} {[%emt
00:00:02]} 12. Ne4 {[%clk 01:16:12]} {[%emt 00:00:10]} Qd8 {[%clk 01:30:00]}
{[%emt 00:00:04]} 13. Nxf6+ {[%clk 01:16:12]} {[%emt 00:00:08]} Qxf6 {[%clk
01:30:00]} {[%emt 00:00:04]} 14. d5 {[%clk 01:14:57]} {[%emt 00:01:26]} exd5
{[%clk 01:30:00]} {[%emt 00:00:06]} 15. Qxd5 {[%clk 01:14:54]} {[%emt
00:00:12]} O-O {[%clk 01:30:00]} {[%emt 00:00:04]} 16. Qb3 {[%clk 01:09:10]}
{[%emt 00:05:54]} Rb8 {[%clk 01:26:53]} {[%emt 00:03:18]} 17. Rac1 {[%clk
00:54:54]} {[%emt 00:14:26]} Bg4 {[%clk 01:26:50]} {[%emt 00:00:12]} 18. Qc3
{[%clk 00:52:41]} {[%emt 00:02:23]} Qf4 {[%clk 01:20:19]} {[%emt 00:06:40]} 19.
h3 {[%clk 00:50:19]} {[%emt 00:02:32]} Be6 {[%clk 01:19:30]} {[%emt 00:01:00]}
20. Bc4 {[%clk 00:48:40]} {[%emt 00:01:49]} Rfe8 {[%clk 01:19:10]} {[%emt
00:00:31]} 21. Rfd1 {[%clk 00:45:28]} {[%emt 00:03:21]} h6 {[%clk 01:18:38]}
{[%emt 00:00:42]} 22. Bxe6 {[%clk 00:44:24]} {[%emt 00:01:14]} Rxe6 {[%clk
01:18:38]} {[%emt 00:00:07]} 23. Nd4 {[%clk 00:41:30]} {[%emt 00:03:04]} Rf6
{[%clk 01:17:34]} {[%emt 00:01:14]} 24. Qe3 {[%clk 00:38:00]} {[%emt 00:03:40]}
Nxd4 {[%clk 01:08:34]} {[%emt 00:09:10]} 25. Rxd4 {[%clk 00:37:53]} {[%emt
00:00:17]} Qxe3 {[%clk 01:05:59]} {[%emt 00:02:45]} 26. fxe3 {[%clk 00:37:53]}
{[%emt 00:00:03]} Re8 {[%clk 01:05:59]} {[%emt 00:00:05]} 27. Rd3 {[%clk
00:37:42]} {[%emt 00:00:20]} Kh7 {[%clk 01:05:43]} {[%emt 00:00:26]} 28. Rc7
{[%clk 00:37:02]} {[%emt 00:00:41]} b5 {[%clk 01:05:42]} {[%emt 00:00:20]} 29.
Rcd7 {[%clk 00:34:28]} {[%emt 00:02:44]} Ree6 {[%clk 01:05:41]} {[%emt
00:00:12]} 30. R7d4 {[%clk 00:31:51]} {[%emt 00:02:43]} Rf5 {[%clk 01:04:41]}
{[%emt 00:01:12]} 31. Rc3 {[%clk 00:30:57]} {[%emt 00:01:03]} Ref6 {[%clk
01:04:41]} {[%emt 00:00:10]} 32. Rc2 {[%clk 00:29:59]} {[%emt 00:01:07]} Rf1+
{[%clk 01:04:41]} {[%emt 00:00:06]} 33. Kh2 {[%clk 00:29:59]} {[%emt 00:00:08]}
Re1 {[%clk 01:04:41]} {[%emt 00:00:09]} 34. Re4 {[%clk 00:25:46]} {[%emt
00:04:21]} Ref1 {[%clk 01:00:55]} {[%emt 00:03:59]} 35. Rd4 {[%clk 00:25:05]}
{[%emt 00:00:50]} Re6 {[%clk 00:58:23]} {[%emt 00:02:43]} 36. Rf4 {[%clk
00:22:07]} {[%emt 00:03:04]} Ra1 {[%clk 00:57:14]} {[%emt 00:01:23]} 37. a3
{[%clk 00:22:04]} {[%emt 00:00:14]} Re7 {[%clk 00:55:43]} {[%emt 00:01:40]} 38.
Rc6 {[%clk 00:21:09]} {[%emt 00:01:03]} Ra7 {[%clk 00:52:37]} {[%emt 00:03:17]}
39. Rb4 {[%clk 00:21:05]} {[%emt 00:00:14]} Re1 {[%clk 00:51:19]} {[%emt
00:01:29]} 40. e4 {[%clk 00:20:16]} {[%emt 00:00:58]} Re3 {[%clk 00:51:19]}
{[%emt 00:00:11]} 41. Kg1 {[%clk 00:20:06]} {[%emt 00:00:18]} Rd3 {[%clk
00:50:46]} {[%emt 00:00:44]} 42. Kf2 {[%clk 00:19:51]} {[%emt 00:00:20]} g6
{[%clk 00:48:49]} {[%emt 00:02:12]} 43. a4 {[%clk 00:17:50]} {[%emt 00:02:11]}
bxa4 {[%clk 00:48:49]} {[%emt 00:00:11]} 44. Rxa4 {[%clk 00:17:48]} {[%emt
00:00:11]} Rd2+ {[%clk 00:48:30]} {[%emt 00:00:29]} 45. Kg1 {[%clk 00:17:03]}
{[%emt 00:00:51]} Rxb2 {[%clk 00:47:52]} {[%emt 00:00:53]} 46. Rcxa6 {[%clk
00:16:03]} {[%emt 00:01:10]} Rd7 {[%clk 00:47:48]} {[%emt 00:00:13]} 47. Ra2
{[%clk 00:16:00]} {[%emt 00:00:13]} Rb1+ {[%clk 00:47:06]} {[%emt 00:00:52]} 48.
Kh2 {[%clk 00:15:28]} {[%emt 00:00:41]} h5 {[%clk 00:47:06]} {[%emt 00:00:05]}
49. Ra1 {[%clk 00:14:59]} {[%emt 00:00:39]} Rbb7 {[%clk 00:47:04]} {[%emt
00:00:12]} 50. R6a4 {[%clk 00:13:59]} {[%emt 00:01:12]} Rd2 {[%clk 00:46:54]}
{[%emt 00:00:19]} 51. R4a2 {[%clk 00:13:49]} {[%emt 00:00:20]} Rdd7 {[%clk
00:46:45]} {[%emt 00:00:20]} 52. Ra4 {[%clk 00:13:49]} {[%emt 00:00:06]} Re7
{[%clk 00:46:45]} {[%emt 00:00:03]} 53. Rd4 {[%clk 00:12:11]} {[%emt 00:01:47]}
Rb2 {[%clk 00:46:45]} {[%emt 00:00:04]} 54. Raa4 {[%clk 00:11:27]} {[%emt
00:00:52]} Kg7 {[%clk 00:46:31]} {[%emt 00:00:26]} 55. Rab4 {[%clk 00:11:07]}
{[%emt 00:00:30]} Re2 {[%clk 00:46:31]} {[%emt 00:00:09]} 56. Kg3 {[%emt
00:01:20]} Rc7 {[%clk 00:46:01]} 57. Rbc4 {[%clk 00:10:29]} {[%emt 00:00:19]}
Re7 {[%clk 00:45:56]} {[%emt 00:00:15]} 58. Kf3 {[%clk 00:10:19]} {[%emt
00:00:20]} Re1 {[%clk 00:45:48]} {[%emt 00:00:18]} 59. Kf2 {[%clk 00:10:14]}
{[%emt 00:00:15]} Rh1 {[%clk 00:45:48]} {[%emt 00:00:04]} 60. Kg3 {[%clk
00:08:20]} {[%emt 00:02:02]} Re5 {[%clk 00:45:48]} {[%emt 00:00:11]} 61. Rd5
{[%clk 00:06:29]} {[%emt 00:02:01]} Re6 {[%clk 00:45:19]} {[%emt 00:00:39]} 62.
Rdd4 {[%clk 00:06:12]} {[%emt 00:00:26]} Rf6 {[%clk 00:45:19]} {[%emt
00:00:07]} 63. e5 {[%clk 00:05:21]} {[%emt 00:01:01]} Rf5 {[%clk 00:45:19]}
{[%emt 00:00:02]} 64. h4 {[%clk 00:03:34]} {[%emt 00:01:57]} Rxe5 {[%clk
00:39:22]} {[%emt 00:06:15]} 65. Re4 {[%clk 00:03:34]} {[%emt 00:00:05]} f6
{[%clk 00:39:06]} {[%emt 00:00:26]} 66. Rc7+ {[%clk 00:03:30]} {[%emt
00:00:14]} Kh6 {[%clk 00:39:05]} {[%emt 00:00:11]} 67. Rxe5 {[%clk 00:03:30]}
{[%emt 00:00:07]} fxe5 {[%clk 00:39:05]} {[%emt 00:00:03]} 68. Re7 {[%clk
00:03:30]} {[%emt 00:00:03]} Re1 {[%clk 00:39:05]} {[%emt 00:00:06]} 69. Kf2
{[%clk 00:03:30]} {[%emt 00:00:04]} Re4 {[%clk 00:39:05]} {[%emt 00:00:03]} 70.
Kf3 {[%clk 00:03:30]} {[%emt 00:00:07]} Rxh4 {[%clk 00:38:35]} {[%emt
00:00:40]} 71. Rxe5 {[%clk 00:03:30]} {[%emt 00:00:03]} Rb4 {[%clk 00:38:35]}
{[%emt 00:00:05]} 72. Rc5 {[%clk 00:03:30]} {[%emt 00:00:08]} h4 {[%clk
00:38:14]} {[%emt 00:00:30]} 73. Rc3 {[%clk 00:03:30]} {[%emt 00:00:07]} Kh5
{[%clk 00:37:53]} {[%emt 00:00:32]} 74. Rc5+ {[%clk 00:03:21]} {[%emt
00:00:20]} g5 {[%clk 00:37:53]} {[%emt 00:00:04]} 75. Rc1 {[%clk 00:02:57]}
{[%emt 00:00:34]} Rf4+ {[%clk 00:37:46]} {[%emt 00:00:17]} 76. Ke2 {[%clk
00:02:50]} {[%emt 00:00:17]} Kg4 {[%clk 00:37:46]} {[%emt 00:00:06]} 77. Rc3
{[%clk 00:02:50]} {[%emt 00:00:07]} Rf5 {[%clk 00:37:14]} {[%emt 00:00:41]} 78.
Rb3 {[%clk 00:02:50]} {[%emt 00:00:05]} Kh5 {[%clk 00:36:56]} {[%emt 00:00:27]}
79. Ra3 {[%clk 00:02:50]} {[%emt 00:00:05]} g4 {[%clk 00:34:31]} {[%emt
00:02:35]} 80. Rb3 {[%clk 00:02:44]} {[%emt 00:00:16]} g3 {[%clk 00:34:11]}
{[%emt 00:00:30]} 81. Ke1 {[%clk 00:02:44]} {[%emt 00:00:07]} Rf2 {[%clk
00:33:37]} {[%emt 00:00:44]} 82. Rb5+ {[%clk 00:02:44]} {[%emt 00:00:04]} Kg6
{[%clk 00:33:37]} {[%emt 00:00:03]} 83. Rb4 {[%clk 00:02:19]} {[%emt 00:00:36]}
Kg5 {[%clk 00:33:24]} {[%emt 00:00:22]} 84. Rb5+ {[%clk 00:02:19]} {[%emt
00:00:08]} Rf5 {[%clk 00:33:07]} {[%emt 00:00:27]} 85. Rb3 {[%clk 00:02:08]}
{[%emt 00:00:20]} Ra5 {[%emt 00:07:21]} 86. Rb1 {[%clk 00:02:02]} {[%emt
00:00:15]} Ra4 {[%clk 00:25:01]} {[%emt 00:01:06]} 87. Kf1 {[%clk 00:01:57]}
{[%emt 00:00:15]} Kf4 {[%clk 00:25:01]} {[%emt 00:00:08]} 88. Kg1 {[%clk
00:01:57]} {[%emt 00:00:11]} Rd4 {[%clk 00:24:51]} {[%emt 00:00:21]} 89. Ra1
{[%clk 00:01:57]} {[%emt 00:00:08]} Ke3 {[%clk 00:24:51]} {[%emt 00:00:08]} 90.
Rb1 {[%clk 00:01:57]} {[%emt 00:00:10]} Rd2 {[%clk 00:24:08]} {[%emt 00:00:53]}
91. Re1+ {[%clk 00:01:45]} {[%emt 00:00:21]} Re2 {[%clk 00:23:52]} {[%emt
00:00:27]} 92. Ra1 {[%clk 00:01:45]} {[%emt 00:00:04]} Rc2 {[%clk 00:23:18]}
{[%emt 00:00:45]} 93. Re1+ {[%clk 00:01:04]} {[%emt 00:00:51]} Kd2 {[%clk
00:23:18]} {[%emt 00:00:05]} 94. Kf1 {[%clk 00:01:04]} {[%emt 00:00:05]} Rc4
{[%clk 00:23:08]} {[%emt 00:00:20]} 95. Re2+ {[%clk 00:01:04]} {[%emt
00:00:07]} Kd3 {[%clk 00:23:08]} {[%emt 00:00:02]} 96. Ra2 Rc1# {[%clk
00:23:08]} 0-1

[Event "2025 National K-12 Grade Championship"]
[Site "Spokane, WI USA, United States"]
[Date "2025.12.13"]
[Round "5.26"]
[White "Choe, Matthew Hajoon"]
[Black "Alluri, Samanyu"]
[Result "0-1"]
[TimeControl "G/90; d10"]
[WhiteFideId "13234706"]
[BlackFideId "39926176"]
[WhiteElo "1709"]
[BlackElo "2029"]

1. e4 {[%clk 01:30:00]} {[%emt 00:00:04]} c5 {[%clk 01:30:00]} {[%emt
00:00:07]} 2. Nf3 {[%clk 01:30:00]} {[%emt 00:00:04]} e6 {[%clk 01:30:00]}
{[%emt 00:00:05]} 3. d4 {[%clk 01:30:00]} {[%emt 00:00:04]} cxd4 {[%clk
01:30:00]} {[%emt 00:00:04]} 4. Nxd4 {[%clk 01:30:00]} {[%emt 00:00:06]} Nf6
{[%clk 01:30:00]} {[%emt 00:00:08]} 5. Nc3 {[%clk 01:30:00]} {[%emt 00:00:07]}
Nc6 {[%clk 01:30:00]} {[%emt 00:00:04]} 6. Ndb5 {[%clk 01:30:00]} {[%emt
00:00:06]} Bc5 {[%clk 01:30:00]} {[%emt 00:00:06]} 7. Nd6+ {[%clk 01:29:35]}
{[%emt 00:00:36]} Ke7 {[%clk 01:30:00]} {[%emt 00:00:05]} 8. Bf4 {[%clk
01:28:37]} {[%emt 00:01:10]} e5 {[%clk 01:30:00]} {[%emt 00:00:08]} 9. Nf5+
{[%clk 01:28:37]} {[%emt 00:00:07]} Kf8 {[%clk 01:30:00]} {[%emt 00:00:05]} 10.
Be3 {[%clk 01:26:51]} {[%emt 00:01:56]} Bxe3 {[%clk 01:29:56]} {[%emt
00:00:15]} 11. Qd6+ {[%clk 01:24:10]} {[%emt 00:02:51]} Kg8 {[%clk 01:28:11]}
{[%emt 00:01:54]} 12. Nxe3 {[%clk 01:24:07]} {[%emt 00:00:13]} Ne8 {[%clk
01:25:11]} {[%emt 00:03:11]} 13. Qd2 {[%clk 01:23:19]} {[%emt 00:00:58]} d6
{[%clk 01:24:28]} {[%emt 00:00:53]} 14. Bc4 {[%clk 01:19:06]} {[%emt 00:04:23]}
Nd4 {[%clk 01:21:37]} {[%emt 00:02:59]} 15. O-O {[%clk 01:13:32]} {[%emt
00:05:45]} Be6 {[%clk 01:15:02]} {[%emt 00:06:46]} 16. Ncd5 {[%clk 01:05:20]}
{[%emt 00:08:22]} Nf6 {[%clk 01:11:04]} {[%emt 00:04:08]} 17. c3 {[%clk
00:57:26]} {[%emt 00:08:05]} Nxe4 {[%clk 01:06:43]} {[%emt 00:04:30]} 18. Qd3
{[%clk 00:51:36]} {[%emt 00:05:59]} Nc5 {[%clk 01:05:37]} {[%emt 00:01:17]} 19.
Qd2 {[%clk 00:50:23]} {[%emt 00:01:22]} Nc6 {[%clk 01:04:30]} {[%emt 00:01:18]}
20. f4 {[%clk 00:48:13]} {[%emt 00:02:20]} exf4 {[%clk 01:04:30]} {[%emt
00:00:09]} 21. Nxf4 {[%clk 00:47:19]} {[%emt 00:01:04]} Bxc4 {[%clk 00:41:11]}
{[%emt 00:23:30]} 22. Nxc4 {[%clk 00:47:08]} {[%emt 00:00:20]} Ne5 {[%clk
00:41:11]} {[%emt 00:00:04]} 23. Nxd6 {[%clk 00:38:09]} {[%emt 00:09:09]} Qb6
{[%clk 00:32:00]} {[%emt 00:09:21]} 24. Nd5 {[%clk 00:36:02]} {[%emt 00:02:17]}
Qxd6 {[%clk 00:31:40]} {[%emt 00:00:30]} 25. Nf6+ {[%clk 00:35:13]} {[%emt
00:00:59]} Qxf6 {[%clk 00:31:40]} {[%emt 00:00:05]} 26. Rxf6 {[%clk 00:35:13]}
{[%emt 00:00:04]} gxf6 {[%clk 00:31:37]} {[%emt 00:00:13]} 27. Rf1 {[%clk
00:33:13]} {[%emt 00:02:11]} Ncd7 {[%clk 00:31:36]} {[%emt 00:00:10]} 28. Qf4
{[%clk 00:28:16]} {[%emt 00:05:07]} Kg7 {[%clk 00:30:46]} {[%emt 00:00:59]} 29.
Qg3+ {[%clk 00:27:38]} {[%emt 00:00:48]} Ng6 {[%clk 00:30:19]} {[%emt
00:00:38]} 30. Qc7 {[%clk 00:25:47]} {[%emt 00:02:02]} Nge5 {[%clk 00:28:51]}
{[%emt 00:01:37]} 31. Rd1 {[%clk 00:22:47]} {[%emt 00:03:10]} Rhd8 {[%clk
00:26:10]} {[%emt 00:02:51]} 32. Qxb7 {[%clk 00:19:40]} {[%emt 00:03:17]} Nc5
{[%clk 00:26:06]} {[%emt 00:00:13]} 33. Rxd8 {[%clk 00:17:40]} {[%emt
00:02:10]} Rxd8 {[%clk 00:26:06]} {[%emt 00:00:05]} 34. Qxa7 {[%clk 00:16:06]}
{[%emt 00:01:45]} Rd1+ {[%clk 00:24:19]} {[%emt 00:01:57]} 35. Kf2 {[%clk
00:16:06]} {[%emt 00:00:05]} Ncd3+ {[%clk 00:24:19]} {[%emt 00:00:05]} 36. Ke2
{[%clk 00:14:37]} {[%emt 00:01:38]} Re1+ {[%clk 00:24:07]} {[%emt 00:00:23]} 37.
Kd2 {[%clk 00:14:23]} {[%emt 00:00:24]} Rf1 {[%clk 00:24:07]} {[%emt 00:00:05]}
38. c4 {[%clk 00:11:05]} {[%emt 00:03:29]} Nxb2 {[%clk 00:24:07]} {[%emt
00:00:08]} 39. c5 {[%clk 00:09:29]} {[%emt 00:01:46]} Nbc4+ {[%clk 00:24:07]}
{[%emt 00:00:06]} 40. Kc2 {[%clk 00:07:50]} {[%emt 00:01:49]} Ne3+ {[%clk
00:24:06]} {[%emt 00:00:09]} 41. Kb3 {[%clk 00:06:40]} {[%emt 00:01:22]} Rb1+
{[%clk 00:24:03]} {[%emt 00:00:13]} 42. Kc3 {[%clk 00:05:40]} {[%emt 00:01:10]}
Nd5+ {[%clk 00:24:03]} {[%emt 00:00:05]} 43. Kc2 {[%clk 00:05:02]} {[%emt
00:00:48]} Rb4 {[%clk 00:23:58]} {[%emt 00:00:14]} 44. a3 {[%clk 00:03:47]}
{[%emt 00:01:26]} Rc4+ {[%clk 00:23:58]} {[%emt 00:00:05]} 45. Kd2 {[%clk
00:03:08]} {[%emt 00:00:49]} Nc3 {[%clk 00:23:46]} {[%emt 00:00:21]} 46. Ke1
{[%clk 00:01:44]} {[%emt 00:01:34]} Ne4 {[%clk 00:23:43]} {[%emt 00:00:12]} 47.
Qb7 {[%clk 00:00:55]} {[%emt 00:01:00]} Nxc5 {[%clk 00:23:43]} {[%emt
00:00:09]} 48. Qd5 {[%clk 00:00:45]} {[%emt 00:00:20]} Ncd3+ {[%clk 00:23:39]}
{[%emt 00:00:13]} 49. Kd2 {[%clk 00:00:37]} {[%emt 00:00:18]} Nf4 {[%clk
00:23:31]} {[%emt 00:00:18]} 50. Qa8 {[%clk 00:00:26]} {[%emt 00:00:22]} Ne6
{[%clk 00:23:22]} {[%emt 00:00:19]} 51. a4 {[%clk 00:00:26]} {[%emt 00:00:10]}
Nc5 {[%clk 00:23:22]} {[%emt 00:00:05]} 52. a5 {[%clk 00:00:26]} {[%emt
00:00:05]} Ra4 {[%clk 00:23:22]} {[%emt 00:00:05]} 53. Qa7 {[%clk 00:00:23]}
{[%emt 00:00:14]} Rxa5 {[%clk 00:23:22]} {[%emt 00:00:07]} 54. Qc7 {[%clk
00:00:15]} {[%emt 00:00:18]} Ra2+ {[%clk 00:23:19]} {[%emt 00:00:12]} 55. Ke3
{[%clk 00:00:15]} {[%emt 00:00:05]} Ne6 {[%clk 00:23:19]} {[%emt 00:00:04]} 56.
Qb7 {[%clk 00:00:15]} {[%emt 00:00:08]} Ra3+ {[%clk 00:23:19]} {[%emt
00:00:05]} 57. Kf2 {[%clk 00:00:15]} {[%emt 00:00:04]} Nd4 {[%clk 00:23:03]}
{[%emt 00:00:25]} 58. Qe4 {[%clk 00:00:08]} {[%emt 00:00:18]} Ra2+ {[%clk
00:23:03]} {[%emt 00:00:08]} 59. Kg3 {[%clk 00:00:07]} {[%emt 00:00:08]} Ne2+
{[%clk 00:23:03]} {[%emt 00:00:10]} 60. Kh4 {[%clk 00:00:05]} {[%emt 00:00:13]}
Nc3 {[%clk 00:22:58]} {[%emt 00:00:15]} 61. Qe3 {[%clk 00:00:05]} {[%emt
00:00:08]} Ra4+ {[%clk 00:22:58]} {[%emt 00:00:09]} 62. Kh3 {[%clk 00:00:05]}
{[%emt 00:00:07]} Nd5 {[%clk 00:22:53]} {[%emt 00:00:13]} 63. Qg3+ {[%clk
00:00:05]} {[%emt 00:00:09]} Ng6 {[%clk 00:22:53]} {[%emt 00:00:07]} 64. Qb3
{[%clk 00:00:05]} {[%emt 00:00:04]} Rd4 {[%clk 00:22:49]} {[%emt 00:00:12]} 65.
g3 {[%clk 00:00:05]} {[%emt 00:00:08]} Ndf4+ {[%clk 00:22:46]} {[%emt
00:00:13]} 66. gxf4 {[%clk 00:00:05]} {[%emt 00:00:05]} Rd3+ {[%clk 00:22:46]}
{[%emt 00:00:04]} 67. Qxd3 {[%clk 00:00:05]} {[%emt 00:00:04]} Nxf4+ {[%clk
00:22:46]} {[%emt 00:00:04]} 68. Kg4 {[%clk 00:00:05]} {[%emt 00:00:02]} Nxd3
{[%clk 00:22:46]} {[%emt 00:00:07]} 69. h4 {[%clk 00:00:05]} {[%emt 00:00:03]}
Ne5+ {[%clk 00:22:46]} {[%emt 00:00:07]} 70. Kf5 {[%clk 00:00:05]} {[%emt
00:00:05]} h5 {[%clk 00:22:46]} {[%emt 00:00:05]} 71. Kf4 {[%clk 00:00:05]}
{[%emt 00:00:05]} Kg6 {[%clk 00:22:46]} {[%emt 00:00:08]} 72. Kg3 {[%clk
00:00:05]} {[%emt 00:00:03]} Kf5 {[%clk 00:22:46]} {[%emt 00:00:05]} 73. Kh3
{[%clk 00:00:05]} {[%emt 00:00:02]} Kf4 {[%clk 00:22:46]} {[%emt 00:00:04]} 74.
Kh2 {[%clk 00:00:05]} {[%emt 00:00:01]} Kg4 {[%clk 00:22:46]} {[%emt 00:00:05]}
75. Kg2 {[%clk 00:00:05]} {[%emt 00:00:01]} Kxh4 {[%clk 00:22:46]} {[%emt
00:00:07]} 76. Kf2 {[%clk 00:00:05]} Kh3 {[%clk 00:22:46]} {[%emt 00:00:10]} 77.
Kg1 {[%clk 00:00:05]} {[%emt 00:00:03]} f5 {[%clk 00:22:46]} {[%emt 00:00:05]}
78. Kh1 {[%clk 00:00:05]} {[%emt 00:00:04]} f4 {[%clk 00:22:46]} {[%emt
00:00:04]} 79. Kg1 {[%clk 00:00:05]} {[%emt 00:00:01]} Kg3 {[%clk 00:22:46]}
{[%emt 00:00:05]} 80. Kh1 {[%clk 00:00:05]} {[%emt 00:00:04]} f3 {[%clk
00:22:42]} {[%emt 00:00:13]} 81. Kg1 {[%clk 00:00:05]} {[%emt 00:00:02]} h4
{[%clk 00:22:42]} {[%emt 00:00:07]} 82. Kh1 {[%clk 00:00:05]} {[%emt 00:00:03]}
Kf2 {[%clk 00:22:42]} {[%emt 00:00:08]} 83. Kh2 {[%clk 00:00:05]} {[%emt
00:00:01]} Ke2 {[%clk 00:22:42]} {[%emt 00:00:08]} 84. Kh3 {[%clk 00:00:05]}
{[%emt 00:00:01]} f2 {[%clk 00:22:42]} {[%emt 00:00:06]} 85. Kh2 {[%clk
00:00:05]} {[%emt 00:00:03]} f5 {[%clk 00:22:31]} {[%emt 00:00:20]} 86. Kh3
{[%clk 00:00:05]} {[%emt 00:00:05]} f1=Q+ {[%clk 00:22:31]} {[%emt 00:00:08]}
87. Kxh4 {[%clk 00:00:05]} {[%emt 00:00:06]} Qf4+ {[%clk 00:22:31]} {[%emt
00:00:05]} 88. Kh3 {[%clk 00:00:05]} {[%emt 00:00:04]} Qg4+ {[%clk 00:22:31]}
{[%emt 00:00:05]} 89. Kh2 {[%clk 00:00:05]} {[%emt 00:00:01]} Nf3 {[%clk
00:22:31]} {[%emt 00:00:07]} 90. Kh1 {[%clk 00:00:05]} {[%emt 00:00:02]} Qg1+
{[%clk 00:22:31]} {[%emt 00:00:05]} 0-1

[Event "2025 National K-12 Grade Championship"]
[Site "Spokane, WI USA, United States"]
[Date "2025.12.13"]
[Round "5.27"]
[White "Zhang, Matthew"]
[Black "Liu, Brian"]
[Result "1/2-1/2"]
[TimeControl "G/90; d10"]
[WhiteFideId "39975908"]
[BlackFideId "39977889"]
[WhiteElo "1741"]
[BlackElo "1656"]

1. c4 {[%clk 01:30:00]} {[%emt 00:00:05]} e6 {[%clk 01:30:00]} {[%emt
00:00:06]} 2. g3 {[%clk 01:30:00]} {[%emt 00:00:07]} d5 {[%clk 01:30:00]}
{[%emt 00:00:09]} 3. Bg2 {[%clk 01:30:00]} {[%emt 00:00:06]} Nf6 {[%clk
01:29:44]} {[%emt 00:00:26]} 4. Nf3 {[%clk 01:29:50]} {[%emt 00:00:21]} Nbd7
{[%clk 01:29:24]} {[%emt 00:00:30]} 5. cxd5 {[%clk 01:28:49]} {[%emt 00:01:11]}
exd5 {[%clk 01:28:36]} {[%emt 00:00:57]} 6. d4 {[%clk 01:28:18]} {[%emt
00:00:41]} Bd6 {[%clk 01:27:46]} {[%emt 00:00:59]} 7. O-O {[%clk 01:27:45]}
{[%emt 00:00:44]} O-O {[%clk 01:27:37]} {[%emt 00:00:19]} 8. Nc3 {[%clk
01:27:06]} {[%emt 00:00:49]} c6 {[%clk 01:27:03]} {[%emt 00:00:44]} 9. Nd2
{[%clk 01:24:58]} {[%emt 00:02:18]} Re8 {[%clk 01:25:12]} {[%emt 00:02:01]} 10.
e4 {[%clk 01:24:13]} {[%emt 00:00:55]} dxe4 {[%clk 01:23:39]} {[%emt 00:01:43]}
11. Ndxe4 {[%clk 01:24:09]} {[%emt 00:00:14]} Be7 {[%clk 01:22:25]} {[%emt
00:01:24]} 12. d5 {[%clk 01:21:31]} {[%emt 00:02:48]} Nxe4 {[%clk 01:17:08]}
{[%emt 00:05:27]} 13. Nxe4 {[%clk 01:20:12]} {[%emt 00:01:29]} cxd5 {[%clk
01:14:38]} {[%emt 00:02:40]} 14. Qxd5 {[%clk 01:19:44]} {[%emt 00:00:38]} Nf6
{[%clk 01:13:36]} {[%emt 00:01:12]} 15. Qxd8 {[%clk 01:18:45]} {[%emt
00:01:08]} Rxd8 {[%clk 01:12:10]} {[%emt 00:01:37]} 16. Bg5 {[%clk 01:16:56]}
{[%emt 00:01:50]} Nxe4 {[%clk 01:09:42]} {[%emt 00:02:47]} 17. Bxe7 {[%clk
01:16:17]} {[%emt 00:00:49]} Re8 {[%clk 01:09:20]} {[%emt 00:00:32]} 18. Ba3
{[%clk 01:13:31]} {[%emt 00:02:55]} Bf5 {[%clk 01:07:50]} {[%emt 00:01:39]} 19.
Rac1 {[%clk 01:12:41]} {[%emt 00:01:00]} Rac8 {[%clk 01:06:23]} {[%emt
00:01:38]} 20. g4 {[%clk 01:04:23]} {[%emt 00:08:29]} Bd7 {[%clk 01:01:18]}
{[%emt 00:05:13]} 21. Rxc8 {[%clk 00:53:32]} {[%emt 00:11:02]} Bxc8 {[%clk
01:01:18]} {[%emt 00:00:11]} 22. Rc1 {[%clk 00:51:25]} {[%emt 00:02:07]} Bd7
{[%clk 00:59:52]} {[%emt 00:01:45]} 23. Re1 {[%clk 00:41:31]} {[%emt 00:09:58]}
Bc6 {[%clk 00:58:40]} {[%emt 00:01:28]} 24. Bxe4 {[%clk 00:33:19]} 1/2-1/2